| 000 | 00502nam a2200181Ia 4500 | ||
|---|---|---|---|
| 005 | 20250508163706.0 | ||
| 008 | 008 250505s9999 xx 000 0 san d | ||
| 037 | _aTextual | ||
| 040 |
_aFEDL _beng _cFEDL |
||
| 041 |
_asan _2eng |
||
| 084 |
_a891.2, DWI _qFEDL |
||
| 100 | _aDwijendranath | ||
| 245 | 0 | _aSanskritsahityavimarsh: | |
| 260 |
_aDelhi, India _bGurukul vrendavan snatak shodh-sansthan _c1998 |
||
| 300 | _a680p | ||
| 942 |
_cTEXL _h891.2, DWI |
||
| 999 |
_c1384731 _d1384731 |
||